LEADER 00705nam0-2200253 --450 001 9910594297103321 005 20221007154934.0 100 $a20221007d1949----kmuy0itay5050 ba 101 1 $ager 102 $aDE 105 $a 001yy 200 1 $aDeutsche Rechtsgeschichte der Neuzeit$fAdolf Zycha 205 $a2.$bUnverranderte Auflage 210 $aMarburg/Lahn$cSimons$d1949 215 $aVIII, 341 p.$d24 cm. 676 $a340.943$v23$zger 700 1$aZycha,$bAdolf$01259528 801 0$aIT$bUNINA$gREICAT$2UNIMARC 901 $aBK 912 $a9910594297103321 952 $aV G 303$b43564$fFGBC 959 $aFGBC 996 $aDeutsche Rechtsgeschichte der Neuzeit$92918511 997 $aUNINA LEADER 01008nam a22002531i 4500 001 991003068429707536 005 20030903081806.0 008 030925s1976 gw |||||||||||||||||ita 035 $ab12375585-39ule_inst 035 $aARCHE-042311$9ExL 040 $aBiblioteca Interfacoltà$bita$cA.t.i. Arché s.c.r.l. Pandora Sicilia s.r.l. 082 04$a851.1 100 1 $aLausberg, Heinrich$0132218 245 10$aSaggi danteschi 1. /$cHeinrich Lausberg 260 $aGöttingen :$bVandenhoeck und Ruprecht,$c1976 300 $a2 v. ;$c25 cm 440 0$aNachrichten der Akademie der wissenschaften.$pPhilologisch-historische klasse ;$vJahrg. 1976/9 650 4$aAlighieri, Dante$xStudi critici 907 $a.b12375585$b02-04-14$c08-10-03 912 $a991003068429707536 945 $aLE002 SP 930/009 (1976)$g1$i2002000124890$lle002$o-$pE0.00$q-$rl$so $t0$u0$v0$w0$x0$y.i12780972$z08-10-03 996 $aSaggi danteschi 1$9170782 997 $aUNISALENTO 998 $ale002$b08-10-03$cm$da $e-$fita$ggw $h0$i1 LEADER 01995nam 2200361 450 001 9910132108003321 005 20240207214121.0 010 $a1-55442-234-5 035 $a(CKB)3680000000168858 035 $a(NjHacI)993680000000168858 035 $a(EXLCZ)993680000000168858 100 $a20240207d2002 uy 0 101 0 $afre 135 $aur||||||||||| 181 $ctxt$2rdacontent 182 $cc$2rdamedia 183 $acr$2rdacarrier 200 12$aL'utopie /$fThomas More 210 1$aChicoutimi :$cJ.-M. Tremblay,$d2002. 215 $a1 online resource 225 1 $aClassiques des sciences sociales 327 $aPre?face du Traite? de la meilleure forme de gouvernement -- LIVRE PREMIER -- Mission en Flandre; Pierre Gilles; Hythlode?e -- Le philosophe au service du roi; Hythlode?e chez Morton -- Le cha?timent des voleurs -- Le cho?mage en Angleterre ; causes, effets, reme?des -- Pe?nalite? chez les Anglais -- Chez les Polyle?rites -- Le parasite et le the?ologien -- Le philosophe au Conseil de guerre -- Chez les Achoriens -- Le philosophe au Conseil des finances -- Chez les Macariens -- Les Utopiens -- LIVRE SECOND -- L'i?le - Les villes - La vie a? la campagne -- Amaurote -- Les magistrats ; Le travail -- Population; Colonies -- Marche?s, repas, ho?pitaux -- Voyages -- Re?partition des denre?es -- Le tre?sor public -- L'or, les joyaux, le luxe -- La vie intellectuelle -- La philosophie -- Bonheur et plaisir -- Initiation aux lettres grecques -- Esclaves -- Euthanasie des incurables -- Mariage -- Lois, sanctions, jugements -- Utopiens a? l'e?tranger -- Traite?s -- Guerre -- Religion -- Pre?tres, temples et cultes -- Conclusion. 410 0$aClassiques des sciences sociales. 606 $aUtopias 615 0$aUtopias. 676 $a335.02 700 $aMore$b Thomas$0387591 801 0$bNjHacI 801 1$bNjHacl 906 $aBOOK 912 $a9910132108003321 996 $aL'utopie$92294050 997 $aUNINA